| 000 | 00564nam a2200217Ia 4500 | ||
|---|---|---|---|
| 003 | GCL | ||
| 008 | 140319s9999 xx 000 0 eng d | ||
| 040 |
_aGCL / _cGCL |
||
| 082 | 0 | 4 |
_aCC _b299.31 _bA G |
| 100 | 1 | _aARMOUR,ROBERT A | |
| 245 | 1 | 0 |
_aGODS AND MYTHS OF ANCIENT EGYPT / _cARMOUR,ROBERT A |
| 260 |
_a[S.N] : _bTHE AMERICAN UNIVERSITY IN CAIRO PRESS ، _c1993 |
||
| 300 | _a207 P | ||
| 650 | 0 | 4 | _aMYTHS |
| 650 | 0 | 4 | _aMETHODOLOGY |
| 650 | 0 | 4 | _aEGYPT |
| 650 | 0 | 4 | _aANCIENT EGYPT |
| 650 | 0 | 4 | _aANCIENT EGYPTIAN |
| 650 | 0 | 4 | _aCULTURE |
| 942 |
_2ddc _cBK |
||
| 999 |
_c16991 _d16991 |
||